01813cam a22003614i 4500003000900000005001700009008004100026035001900067040003300086082001900119245014200138264004400280300005200324336002100376337002500397338002300422505073400445526000901179526000901188526000901197526000901206526000901215526000901224526000801233526000801241526000801249526000801257526000801265526000801273650010101281700003101382700003801413PE-LiUPU20250731184558.0150706s2010 pe r 000 0 d a(Sirsi) a49538 aPE-LiUPUbspacPE-LiUPUerda04a985.122bD22101aPlan de manejo participativo del Páramo del sector el Toldo de la comunidad campesina de Samanga, Ayabaca, Piura /cGabriela López S. 1aLima :bSupergráfica E.I:R.L.,c2010. a45 páginas :bilustraciones a color ;c19 cm. atext2rdacontent aunmediated2rdamedia avolume2rdacarrier0 aAspectos generales -- ¿Por qué un PMP? -- Población participante y roles -- Metodología -- Etapas o pasos del plan de manejo participativo -- El plan de manejo participativo - PMP -- Participantes -- Algunos conceptos -- El plan de manejo participativo -- Visión del futuro -- Misión -- El diagnóstico socio-ecológico (DSE) y el análisis de amenazas -- Objetivo del PMP -- Troncos o componentes principales el PMP del sector El Toldo -- Estrategias ¿cómo se van a alcanzar los objetivos del PMP? -- Programación general de proyectos y acciones -- El plan de monitoreo y evaluación -- Zonificación -- Compartiendo los avances del plan de manejo -- A nivel provincial -- A nivel regional -- Para terminar. aP136 aP135 aP134 aP133 aP144 aP143 aP87 aP35 aP20 aP14 aP10 aP0604aSamanga, comunidad de [Ayabaca, Piu. (Perú : Provincia)]xDesarrollo comunalvPlanificación.1 aLópez S., Gabriela,eed.1 aZúñiga Loayza, Carla,ecolab.